Life of Pi : (Record no. 233659)

000 -LEADER
fixed length control field 01582cam a2200409 a 4500
001 - CONTROL NUMBER
control field 18136798
003 - CONTROL NUMBER IDENTIFIER
control field Nust
005 - DATE AND TIME OF LATEST TRANSACTION
control field 20170309152532.0
008 - FIXED-LENGTH DATA ELEMENTS--GENERAL INFORMATION
fixed length control field 140502t20122001mau 000 1 eng d
010 ## - LIBRARY OF CONGRESS CONTROL NUMBER
LC control number 2013404432
020 ## - INTERNATIONAL STANDARD BOOK NUMBER
International Standard Book Number 9780857865540
035 ## - SYSTEM CONTROL NUMBER
System control number (OCoLC)ocn811259905
040 ## - CATALOGING SOURCE
Original cataloging agency JBU
Transcribing agency JBU
Modifying agency GL4
-- YDXCP
-- T7A
-- ORX
-- CUS
-- WEA
-- DLC
042 ## - AUTHENTICATION CODE
Authentication code lccopycat
043 ## - GEOGRAPHIC AREA CODE
Geographic area code po-----
050 00 - LIBRARY OF CONGRESS CALL NUMBER
Classification number PR9199.3.M3855
Item number L54 2012
082 04 - DEWEY DECIMAL CLASSIFICATION NUMBER
Classification number 813.54
Author Mark MAR
100 1# - MAIN ENTRY--PERSONAL NAME
Personal name Martel, Yann,
245 10 - TITLE STATEMENT
Title Life of Pi :
Remainder of title a novel /
Statement of responsibility, etc. Yann Martel.
260 ## - PUBLICATION, DISTRIBUTION, ETC.
Place of publication, distribution, etc. Boston :
Name of publisher, distributor, etc. Mariner Books/Houghton Mifflin Harcourt,
Date of publication, distribution, etc. 2001.
300 ## - PHYSICAL DESCRIPTION
Extent xii, 428 p. ;
Dimensions 21 cm.
520 ## - SUMMARY, ETC.
Summary, etc. After the sinking of a cargo ship, a solitary lifeboat remains bobbing on the wild blue Pacific. The only survivors from the wreck are a sixteen-year-old boy named Pi, a hyena, a wounded zebra, an orangutan, and a 450-pound Royal Bengal tiger.
650 #0 - SUBJECT ADDED ENTRY--TOPICAL TERM
Topical term or geographic name entry element Shipwreck survival
Form subdivision Fiction.
650 #0 - SUBJECT ADDED ENTRY--TOPICAL TERM
Topical term or geographic name entry element Survival at sea
Form subdivision Fiction.
650 #0 - SUBJECT ADDED ENTRY--TOPICAL TERM
Topical term or geographic name entry element Human-animal relationships
Form subdivision Fiction.
650 #0 - SUBJECT ADDED ENTRY--TOPICAL TERM
Topical term or geographic name entry element Storytelling
Form subdivision Fiction.
650 #0 - SUBJECT ADDED ENTRY--TOPICAL TERM
Topical term or geographic name entry element Teenage boys
Form subdivision Fiction.
650 #0 - SUBJECT ADDED ENTRY--TOPICAL TERM
Topical term or geographic name entry element Ocean travel
Form subdivision Fiction.
650 #0 - SUBJECT ADDED ENTRY--TOPICAL TERM
Topical term or geographic name entry element Zoo animals
Form subdivision Fiction.
650 #0 - SUBJECT ADDED ENTRY--TOPICAL TERM
Topical term or geographic name entry element Orphans
Form subdivision Fiction.
650 #0 - SUBJECT ADDED ENTRY--TOPICAL TERM
Topical term or geographic name entry element Tiger
Form subdivision Fiction.
651 #0 - SUBJECT ADDED ENTRY--GEOGRAPHIC NAME
Geographic name Pacific Ocean
Form subdivision Fiction.
655 #0 - INDEX TERM--GENRE/FORM
Genre/form data or focus term Psychological fiction.
655 #7 - INDEX TERM--GENRE/FORM
Genre/form data or focus term Adventure fiction.
Source of term gsafd
906 ## - LOCAL DATA ELEMENT F, LDF (RLIN)
a 7
b cbc
c copycat
d 2
e ncip
f 20
g y-gencatlg
942 ## - ADDED ENTRY ELEMENTS (KOHA)
Source of classification or shelving scheme
Koha item type Book
Holdings
Withdrawn status Lost status Source of classification or shelving scheme Damaged status Not for loan Permanent Location Current Location Shelving location Date acquired Total Checkouts Total Renewals Full call number Barcode Date last seen Date last checked out Copy number Price effective from Koha item type
          Central Library (CL) Central Library (CL) Fiction 03/09/2017 7 1 813.54 MAR CL1630 03/17/2026 08/28/2024 1 03/09/2017 Book
© 2023 Central Library, National University of Sciences and Technology. All Rights Reserved.